| 000 | 01041nam2a2200277 4500 | ||
|---|---|---|---|
| 001 | RU\NLR\bibl\53676 | ||
| 005 | 20250616084935.0 | ||
| 021 |
_aRU _b98-27596 _91317 |
||
| 035 | _a(NLR Aleph) 000052374 | ||
| 090 |
_a281288 _c281288 |
||
| 100 | _a19991019d1998 |||y0rusy50 ca | ||
| 101 | 0 | _arus | |
| 102 | _aRU | ||
| 105 | _ay ||||||||| | ||
| 200 | 0 | _a[Ч. 1] | |
| 210 |
_d1998 _aБ. м. |
||
| 215 | _a22,[1] с. | ||
| 320 | _aБиблиогр.: с. 22 (5 назв.) | ||
| 461 | 0 |
_1001RU\NLR\bibl\136891 _12001#$aОсновы социологии$v[Ч. 1] _9766347 _aВиноградов, И. С. _cН.Новгород _d1997 _fИ.С. Виноградов, Д.Б. Думаревский _nВГАВТ _oУчеб. пособие для студентов оч. и заоч. форм обучения всех спец. _tОсновы социологии _v[Ч. 1] |
|
| 801 | 0 |
_aRU _bNLR _c19991019 _gPSBO |
|
| 801 | 1 |
_aRU _bNLR _c19991019 |
|
| 852 |
_aNLR _j2000-4/9884 |
||
| 942 | _cBOOK | ||
| 980 | _aNB | ||